Íme a héthúrú viola : [fényképpel] /
Elmentve itt :
| Szerző: | |
|---|---|
| Dokumentumtípus: | Cikk |
| Megjelent: |
1961-08-03
|
| Sorozat: | Délmagyarország
|
| Kulcsszavak: | Zeneművészet hangszer |
| Online Access: | http://dmarchiv.bibl.u-szeged.hu/54955 |
| LEADER | 00460nab a2200157 i 4500 | ||
|---|---|---|---|
| 001 | delm54955 | ||
| 005 | 20180927141858.0 | ||
| 008 | 180927s1961 hu o 0|| hun d | ||
| 040 | |a SZTE Délmagyarország Archívum |b hun | ||
| 041 | |a hun | ||
| 100 | 1 | |a Liebmann Béla | |
| 245 | 1 | 0 | |a Íme |h [elektronikus dokumentum] : |b a héthúrú viola : [fényképpel] / |c Liebmann Béla |
| 260 | |c 1961-08-03 | ||
| 300 | |a 8 | ||
| 490 | 0 | |a Délmagyarország | |
| 695 | |a Zeneművészet hangszer | ||